Spanish La Liga Champions - Statistics

General Stats
  • This quiz has been taken 154 times
  • The average score is 7 of 9
Answer Stats
wins latest team % Correct
32 2012 Real Madrid
100%
24 2016 Barcelona
99%
10 2014 Atlético Madrid
95%
6 2004 Valencia
92%
1 1946 Sevilla
79%
1 2000 Deportivo La Coruña
75%
8 1984 Athletic Bilbao
66%
2 1982 Real Sociedad
61%
1 1935 Real Betis
43%
No matching quizzes found
Score Distribution
Percent of People with Each Score
Percentile by Number Answered
Your Score History
You have not taken this quiz